000 00824aam a2200301 i 4500
001 768714001
003 CO-MdFUSB
005 20250514094740.0
007 ta
008 250513t1981 sp ||||| |||| 00| 0 spa d
020 _a84-7057-109-5
040 _cCO-MdFUSB
041 0 _aspa
082 0 4 _223
_a248
_bM4254c
100 1 _aMateos, Juan
_eautor
245 1 0 _aCristianos en fiesta :
_bmás all del cristianismo convencional
_c/ Juan Mateos
250 _atercera edición
264 1 _bEdiciones Cristiandad,
_aMadrid, España :
_c[1981]
264 4 _c©1981
300 _a337 páginas
336 _atexto
_btxt
_2rdacontent
337 _2rdamedia
_asin mediación
_bn
338 _2rdacarrier
_avolumen
_bnc
563 _aRústico
650 0 _aVida cristiana
_919
942 _cBK
945 _aElías Tolentino
999 _c35584
_d35584